| 000 | 00484nam a22001697a 4500 | ||
|---|---|---|---|
| 005 | 20231026133319.0 | ||
| 008 | 231026b |||||||| |||| 00| 0 eng d | ||
| 020 | _a409056006 ; 409056014 | ||
| 041 | _aEnglish | ||
| 082 | _a346.7 SMI | ||
| 100 |
_aSmith, C _lEnglish |
||
| 245 |
_aThe Law of Insolvency / _cSmith C |
||
| 260 |
_aDurban : _bButterworth, _c1973 |
||
| 300 |
_bxxx, 474 pages ; _c25 cm. |
||
| 650 |
_aLegal practice _bLaw |
||
| 942 |
_cBK _6ALISON_BN_VRIES |
||
| 999 |
_c92 _d92 |
||